Kapitoly z praktického managementu. 9 Opravdová profesionalita

Charakteristika profesionála. Profesionál a odborný pracovník. Skutočný profesionál je odborník, ktorý pracuje so záujmom o vec, má pozitívny prístup k práci a klientom. Skutočná profesionalita je vecou prístupu (ba dokonca charakteru), nie tak vecou kvalifikácie, odbornosti a titulov. Príprava na p...

Descripción completa

Guardado en:
Detalles Bibliográficos
Autor principal: Maister, D.H
Formato: Capítulo de libro
Lenguaje:checo
Materias:
Etiquetas: Agregar Etiqueta
Sin Etiquetas, Sea el primero en etiquetar este registro!

MARC

LEADER 00000naa a2200000 4500
001 r021657
005 20230920091954.6
041 0 |a cze 
044 |a CZ 
245 1 0 |a Kapitoly z praktického managementu. 9  |b Opravdová profesionalita  |c D.H. Maister 
520 |a Charakteristika profesionála. Profesionál a odborný pracovník. Skutočný profesionál je odborník, ktorý pracuje so záujmom o vec, má pozitívny prístup k práci a klientom. Skutočná profesionalita je vecou prístupu (ba dokonca charakteru), nie tak vecou kvalifikácie, odbornosti a titulov. Príprava na profesionalitu. Profesionálne správanie je dlhodobou investíciou pre firmu. Profesionálny prístup vedúceho pracovníka k práci motivuje zamestnancov. Inšpirácia zamestnancov. 
610 2 0 |a manažment 
610 2 0 |a manažéri 
610 2 0 |a postoje 
610 2 0 |a práca 
610 2 0 |a odbornosť 
610 2 0 |a motivácia 
100 1 |a Maister, D.H.